000 00922nam a2200301Ia 4500
001 Z_5474
003 CHAP
008 220113s2007 xx 000 0 und d
010 _a168559
040 _cCHAP
090 _aTesis N 1982
100 _aNieves Basaldúa, Horacio
_981307
245 _aSincronización de estros y fertilidad en bovinos tratados con PGF2a y PMSG bajo tres sistemas de producción /
_cHoracio Nieves Basaldúa
260 _aChapingo, Méx. :
_bEl autor,
_c2007
300 _a56 h.
502 _aTesis (Ing. Agr. Esp. en Zootecnia) -- UACH. Departamento de Zootecnia
650 _aCiclo estrual
_923072
650 _aGanado vacuno
_xFertilidad
_945467
650 _aProstaglandina
_992434
650 _aSincronización
_9106555
650 _aSincronización del celo
_9106556
901 _aTESIS N 1982
902 _aM
910 _a2007
942 _c2
942 _c2
999 _c168559
_d168559